000 00743nam a22002297a 4500
999 _c33732
_d33732
001 3014
003 CO-MdFUSB
005 20180622073128.0
008 180413n[ ] ck ||||| |||| 00| 0 spa d
040 _aCO-MdFUSB
_bspa
_cCO-MdFUSB
_dCO-MdFUSBC
_erda
041 0 _aspa
082 0 4 _aG 227.8 K172t
100 1 _aKapkin, David
_eautor
245 1 0 _aEscuela Bíblica, 1 y 2 Tesalonicenses
_b: Ya viene el Señor
_c / David Kapkin
264 4 _aMedellín, Colombia:
_b[no se encontró nombre del publicador]
_c[fecha no encontrada]
300 _a284 Pag
336 _2rdacontent
_atexto
_btxt
337 _2rdamedia
_asin mediación
_bn
338 _2rdacarrier
_avolumen
_bnc
653 _aBiblia N.T. - Tesalonisenses - Comentarios
942 _cBK